Edens zero Charecter - Statistics

General Stats
  • This quiz has been taken 48 times
  • The average score is 33 of 90
Answer Stats
Indice L'équipage d'Edens zéro % Correct
b-cuber of edens zero Bluegarden Rebecca
100%
new demon king Granbell Shiki
94%
new sword of edens Kogetsu Homura
89%
blue happy
89%
first demon king ziggy
83%
shield of edens regret witch
78%
life of edens ivry sister
72%
old element 4 husert laguna
72%
rogue out sister
72%
mind of edens mio Hermit
67%
orasion seis justice
67%
sword of edens yuna valkyrie
67%
light of edens pino
61%
true name wind elemant rutherford kleene
61%
old princess crimson elsie
56%
dragon acnoella
50%
pilote connor
50%
orasion seis cure
50%
alchemist drakken joe
50%
orasion seis feather
50%
sister minion mosco
50%
final objective mother
50%
aoi king poseidon nero
50%
narrator xiaomei
50%
giant deadend crow
44%
orasion seis eraser
44%
flame of edens Steiner Weizs
44%
orasion seis holy
44%
psychopath poseidon shura
44%
ziggy teacher xenolith
44%
have a crush for homura creed
39%
Resistance chief Goodwin
39%
old mercenary jinn
39%
guild bluegarden Master noah
39%
orasion seis jaguard
39%
worst mother (U1) kurenai
39%
spear of edens wizard
39%
death of edens clown
33%
element 4 Fie
33%
hacker jamilov / spider
33%
brain of edens killer
33%
number one bastard muller
33%
Zaiten Three nino
33%
belial gore Reyes Diego
33%
belial gore slime maria
33%
Zaiten Three baki
28%
armor of edens brigandine
28%
edens kitchen couchpo
28%
element 4 Daichi
28%
norma twin foote brothers
28%
princess guard hyoga
28%
old frog illega
28%
U0 lady freya
28%
bluegarden rebecca friend layer clarisse
28%
beast squad 6 orc
28%
rebecca mother rachel
28%
orasion seis saintfire nox
28%
element 4 Sylph
28%
giant human victory
28%
belial gore Anderson Seth
22%
red cave andrew
22%
norma bunny bernadette
22%
little bird payo
22%
resistance furena
22%
rogue out ganoff
22%
Zaiten Three garrot
22%
princess guard gowen
22%
resistance princess ijuna
22%
gouvernement bastard jesse
22%
U0 joker helix
22%
U0 lightning law
22%
norma sibir
22%
spy amira
17%
foresta aruna
17%
beast squad 6 britney
17%
resistance dylan
17%
ocean 6 Fabien
17%
ocean 6 Steelford Callum
17%
ocean 6 Lucra Mirrani
17%
laguna ex best friend harold
17%
resistance ibaraki
17%
resistance lizarre
17%
beast squad 6 mora
17%
wind twin mother rutherford leen
17%
wise mother steiner irma
17%
pirate crew behrman
11%
ocean 6 Cyca
11%
ocean 6 Nasseh
11%
laguna mother Husert Urfa
11%
ocean 6 Lyre
11%
No matching quizzes found
Score Distribution
Percent of People with Each Score
Percentile by Number Answered
Your Score History
You have not taken this quiz